LEADER 00946nam0-22002891i-450- 001 990003867830403321 035 $a000386783 035 $aFED01000386783 035 $a(Aleph)000386783FED01 035 $a000386783 100 $a19960715d--------km-y0itay50------ba 101 0 $aeng 102 $aIT 200 1 $aFinancial Liberalisation and the Sensitivity of House Prices to Monetary Policy$eTheory and Evidence$fMatteo Iacoviello, Raoul Minetti 225 1 $aQuaderni del Dipartimento di Economia, Istituzioni, Territorio, Università di Ferrara$v17 676 $aB/1.2.2 676 $aI/2.2 676 $aJ/5 700 1$aIacoviello,$bMatteo$0146685 701 1$aMinetti,$bRaoul$0146686 801 0$aIT$bUNINA$gRICA$2UNIMARC 901 $aBK 912 $a990003867830403321 952 $aPaper$fSES 959 $aSES 996 $aFinancial Liberalisation and the Sensitivity of House Prices to Monetary Policy$9514047 997 $aUNINA LEADER 00818nam0-22003131i-450- 001 990003066800403321 035 $a000306680 035 $aFED01000306680 035 $a(Aleph)000306680FED01 035 $a000306680 100 $a20000920d1989----km-y0itay50------ba 101 0 $aita 102 $aIT 200 1 $aElementi di statistica$fMary Fraire, Alfredo Rizzi. 205 $a2. ristampa. 210 $aRoma$cLa Nuova Italia Scientifica$d1989. 215 $a300 p.$d21 cm 676 $a11320 676 $aB/3.1 702 1$aFraire,$bMary$f<1944- > 702 1$aRizzi,$bAlfredo 801 0$aIT$bUNINA$gRICA$2UNIMARC 901 $aBK 912 $a990003066800403321 952 $aB/3.1 FRA/N.A.$b9207$fSES 959 $aSES 996 $aElementi di statistica$9464793 997 $aUNINA DB $aING01 LEADER 01268nam--2200385---450- 001 990001872110203316 005 20091022151113.0 010 $a0-521-66797-6 035 $a000187211 035 $aUSA01000187211 035 $a(ALEPH)000187211USA01 035 $a000187211 100 $a20040723d2001----km-y0itaa50------ba 101 $aeng 102 $aGB 105 $a||||||||001yy 200 1 $aApec and the construction of Pacific Rim regionalism$fJohn Ravenhill 210 $aCambridge$cCambridge University Press$d2001 215 $aXII, 294 p.$d23 cm 225 2 $aCambridge Asia-Pacific studies 410 0$12001$aCambridge Asia-Pacific studies 606 0 $aAsian Pacific Economic Cooperation 676 $a337.15 700 1$aRAVENHILL,$bJohn$0242701 801 0$aIT$bsalbc$gISBD 912 $a990001872110203316 951 $aXXIII.2.D. 149 (IG VIII 10 ING 760)$b42533 G.$cXXIII.2.D. 149 (IG VIII)$d00136192 959 $aBK 969 $aGIU 979 $aACQUISTI$b10$c20040723$lUSA01$h1056 979 $aANNASEN$b90$c20050310$lUSA01$h1759 979 $aANNASEN$b90$c20050310$lUSA01$h1801 979 $aRSIAV4$b90$c20091022$lUSA01$h1511 996 $aApec and the construction of Pacific Rim regionalism$9954847 997 $aUNISA LEADER 01068nam--2200349---450- 001 990005906230203316 005 20131108094835.0 010 $a88-8232-325-0 035 $a000590623 035 $aUSA01000590623 035 $a(ALEPH)000590623USA01 035 $a000590623 100 $a20131108d2004----km-y0itay50------ba 101 0 $aita 102 $aIT 105 $aa|||||||001yy 200 1 $aBambini in ospedale$eriflessioni pedagogiche e prospettive educative$fNatascia Bobbo 210 $aLecce$cPensa multimedia$d2004 215 $a350, [26] p.$cill.$d24 cm 225 2 $aScuola lavoro e professioni$v3 410 0$12001$aScuola lavoro e professioni$v3 606 0 $aBambini malati$xDegenza ospedaliera$xPsicologia$2BNCF 676 $a362.19892 700 1$aBOBBO,$bNatascia$0618104 801 0$aIT$bsalbc$gISBD 912 $a990005906230203316 951 $aII.4. 4151$b242087 L.M.$cII.4.$d00344316 959 $aBK 969 $aUMA 979 $aANNAMARIA$b90$c20131108$lUSA01$h0948 996 $aBambini in ospedale$91074728 997 $aUNISA LEADER 04873nam 2200685 450 001 9910796662403321 005 20200917021826.0 010 $a3-11-046783-6 024 7 $a10.1515/9783110467833 035 $a(CKB)3850000000001095 035 $a(EBL)4718399 035 $a(MiAaPQ)EBC4718399 035 $a(DE-B1597)462572 035 $a(OCoLC)962097410 035 $a(DE-B1597)9783110467833 035 $a(Au-PeEL)EBL4718399 035 $a(CaPaEBR)ebr11283230 035 $a(CaONFJC)MIL964164 035 $a(OCoLC)963577985 035 $a(PPN)202113310 035 $a(EXLCZ)993850000000001095 100 $a20161026h20162016 uy 0 101 0 $aeng 135 $aur|n|---||||| 181 $2rdacontent 182 $2rdamedia 183 $2rdacarrier 200 10$aCode-switching with the Gods $ethe Bilingual (Old Coptic-Greek) Spells of PGM IV (P. Bibliothe?que Nationale Supple?ment Grec. 574) and their Linguistic, Religious, and Socio-Cultural Context in Late Roman Egypt /$fEdward O. D. Love 210 1$aBerlin, [Germany] :$cDe Gruyter,$d2016. 210 4$d©2016 215 $a1 online resource (400 p.) 225 1 $aZeitschrift fu?r a?gyptische Sprache und Altertumskunde. Beiheft ;$vBand 4 300 $aDescription based upon print version of record. 311 $a3-11-046636-8 311 $a3-11-046113-7 320 $aIncludes bibliographical references and indexes. 327 $tFrontmatter -- $tAcknowledgements -- $tPreface -- $tAbbreviations -- $tContents -- $tIntroduction -- $t1. ?The Old Coptic Magical Texts? of P. Bibliothèque nationale Supplément grec. 574 (PGM IV) -- $t2. The Graphemes and Phonemes of ?The Old Coptic Magical Texts? of P. Bibliothèque nationale Supplément grec. 574 (PGM IV) -- $t3. Contextualising the Bilingual Spells of P. Bibliothèque nationale Supplément grec. 574 (PGM IV) -- $t4. Contextualising the Bilingual Divinations of P. Bibliothèque nationale Supplément grec. 574 (PGM IV) -- $t5. Contextualising the Bilingual ?Old Coptic Love Spell? of P. Bibliothèque nationale Supplément grec. 574 (PGM IV) -- $t6. Contextualising the Bilingual Exorcism of P. Bibliothèque nationale Supplément grec. 574 (PGM IV) -- $t7. The Practitioners of the ?Old Coptic Magical Texts? of P. Bibliothèque nationale Supplément grec. 574 (PGM IV) -- $tAppendix 1 ? Interlinear transcription of the format of the text as extant in codex P. Bibliothèque nationale Supplément grec. 574 and transliteration of the text as established as PGM IV -- $tAppendix 2 ? The multivalent OC graphemes of P. Bibliothèque nationale Supplément grec. 574 (PGM IV) -- $tAppendix 3 ? Dialectal adherence in the Egyptianlanguage sections of P. Bibliothèque nationale Supplément grec. 574 (PGM IV) -- $tBibliography -- $tIndex of Words in Old Coptic Script -- $tIndex of Key Content -- $tPlates 330 $aThis volume provides the first comprehensive text edition of the Egyptian language sections of P. Bibliothèque Nationale Supplément Grec. 574 (PGM IV) and analysis of their script, language, and the bilingual spells which they are part of. The magical practices preserved in the PDM and PGM have been published for nearly a century, yet it is only recently that research has focused on investigating the complex relationship between the languages, scripts, and religious traditions they exhibit, as well as the question of who composed, copied, and practiced these spells. Focusing on the bilingual divinations, lust spell, and exorcism of PGM IV, written in the Egyptian and Greek languages - and rendered in Old Coptic scripts and the Greek script respectively - this volume analyses their textual content and ritual mechanics, contextualised among the PDM and PGM, and investigates the potential identities of the magical practitioners of late Roman and Late Antique Egypt. Encompassing the disciplines of Egyptology, Coptology, Papyrology, and Late Antique studies, this volume focuses in particular on the themes of magical practice, bilingualism, script, and the social context of magic in Egypt during the 2nd to 4th centuries CE. 410 0$aZeitschrift fu?r a?gyptische Sprache und Altertumskunde.$pBeiheft ;$vBand 4. 606 $aCoptic language$vTexts 606 $aCoptic language 607 $aEgypt$xReligion 607 $aEgypt$xAntiquities, Roman 607 $aEgypt$2fast 610 $aBilingual. 610 $aGreek. 610 $aOld Coptic. 610 $aSpells. 615 0$aCoptic language 615 0$aCoptic language. 676 $a230.17 686 $aAM 45630$qBVB$2rvk 700 $aLove$b Edward O. D.$01088024 801 0$bMiAaPQ 801 1$bMiAaPQ 801 2$bMiAaPQ 906 $aBOOK 912 $a9910796662403321 996 $aCode-switching with the Gods$92605405 997 $aUNINA